000 00444nam a22001577a 4500
005 20251108165408.0
008 250721s1999 xx 000 0 ara d
082 1 4 _a814/بهج
100 1 _aبهجت، أحمد
245 1 0 _aتأملات في الحب و الحياة /
264 1 _aعمان :
_bدار أخبار اليوم،
_c1999.
300 _a134ص
650 1 7 _aالمقالات الأدبية
942 _2ddc
_cBK
999 _c26874
_d26874